| 000 | 00825nam a22002297a 4500 | ||
|---|---|---|---|
| 999 |
_c8949 _d8949 |
||
| 003 | AR-CdUCM | ||
| 008 | 190327b ||||| |||| 00| 0 spa d | ||
| 040 |
_aMUNICIPALIDAD PROVINCIAL DEL CUSCO _cBIBLIOTECA MUNICIPAL DEL CUSCO |
||
| 082 |
_a869.56 / _bC41 |
||
| 100 |
_aCcoaquira Cuito, Miguel _924383 |
||
| 245 |
_a¡Éxodo de un suspiro! / _cFrancisco Wamant'ika (seudónimo de Miguel Ccoaquira Cuito) |
||
| 260 |
_aCusco : _bAlpha Servicios Gráficos _c2012. |
||
| 300 |
_a120 páginas ; _bilustraciones, lamina, _c21 cm. |
||
| 505 | _aContenido: A mi colegio --El amor -- A la muerte. | ||
| 650 |
_aPoesías peruanas _91481 |
||
| 650 |
_aSiglo XX _98 |
||
| 650 |
_aChumbivilcas-Cusco _924840 |
||
| 650 |
_aLiteratura _983 |
||
| 700 |
_aFlórez Becerra, Félix (prólogo) _924841 |
||
| 942 |
_2ddc _cLIBROS |
||
| 945 | _aachl | ||